Catálogo
 En Linea

Mascotas. (Registro nro. 36802)

Detalles MARC
000 -CABECERA
campo de control de longitud fija 00863nas a2200241 a 4500
001 - NÚMERO DE CONTROL
campo de control 000037312
005 - FECHA Y HORA DE LA ÚLTIMA TRANSACCIÓN
campo de control 20200930080301.0
008 - DATOS DE LONGITUD FIJA--INFORMACIÓN GENERAL
campo de control de longitud fija 120323c20119999dr mr1p dd 0 0spa d
040 ## - FUENTE DE LA CATALOGACIÓN
Centro catalogador/agencia de origen DO-SdBNP
Lengua de catalogación spa
Centro/agencia transcriptor BNPHU
043 ## - CÓDIGO DE ÁREA GEOGRÁFICA
Código de área geográfica nwdr
130 0# - ENTRADA PRINCIPAL--TÍTULO UNIFORME
Título uniforme Mascotas (Santo Domingo, República Dominicana)
9 (RLIN) 63762
245 00 - MENCIÓN DE TÍTULO
Título Mascotas.
260 ## - PUBLICACIÓN, DISTRIBUCIÓN, ETC.
Lugar de publicación, distribución, etc. Santo Domingo, República Dominicana :
Nombre del editor, distribuidor, etc. El Caribe,
Fecha de publicación, distribución, etc. 2011.
300 ## - DESCRIPCIÓN FÍSICA
Extensión v. :
Otras características físicas il. ;
Dimensiones 28 cm.
310 ## - PERIODICIDAD ACTUAL
Periodicidad actual Irregular
362 1# - FECHAS DE PUBLICACIÓN Y/O DESIGNACIÓN SECUENCIAL
Fecha de publicación y/o designación secuencial (29 de junio de 2011).
500 ## - NOTA GENERAL
Nota general Descripción basada en : (29 de junio de 2011).
501 ## - NOTA DE "CON"
Nota de “Con” Publicada con el periódico El Caribe.
525 ## - NOTA DE SUPLEMENTO
Nota de suplemento Suplemento del periódico El Caribe.
650 24 - PUNTO DE ACCESO ADICIONAL DE MATERIA--TÉRMINO DE MATERIA
Término de materia o nombre geográfico como elemento de entrada Mascotas
Subdivisión de forma PUBLICACIONES PERIÓDICAS
9 (RLIN) 63763
650 24 - PUNTO DE ACCESO ADICIONAL DE MATERIA--TÉRMINO DE MATERIA
Término de materia o nombre geográfico como elemento de entrada Animales domésticos
Subdivisión de forma PUBLICACIONES PERIÓDICAS
9 (RLIN) 63764
651 #4 - PUNTO DE ACCESO ADICIONAL DE MATERIA--NOMBRE GEOGRÁFICO
Nombre geográfico República Dominicana
Subdivisión de forma PUBLICACIONES PERIÓDICAS
9 (RLIN) 25092
Existencias
Estado de retiro Estado de pérdida Especificación de materiales (volumen encuadernado u otra parte) Restricciones de uso No para préstamo Código de colección Localización permanente Ubicación/localización actual Ubicación en estantería Fecha de adquisición Fuente de adquisición Enumeración/cronología de publicación seriada Número de inventario Total de préstamos Signatura topográfica completa Código de barras Fecha visto por última vez Precio válido a partir de Tipo de ítem Koha Nota pública
    Préstamo en sala Préstamo en sala   Hemeroteca Patrimonio Dominicano Patrimonio Dominicano Ordenador y recibido 16.04.2012 4 (29 de junio de 2011) 2012041620120416   84 37312 08.08.2020 08.08.2020 Publicación periódica Perteneció a la biblioteca personal de Federico Henríquez y Carvajal.

Con tecnología Koha